Southville International School and Colleges
Your cart is empty.
  • Cart
  • Lists
    Public lists Eva Luna New books Lux_list list_1
    Your lists Log in to create your own lists
  • Log in to your account
  • Your cookies
  • Search history
Southville International School and Colleges
  • Advanced search
  • Recent comments
  • Most popular
  • Libraries

Log in to your account

Log in with GOOGLE


If you do not have an external account, but do have a local account, you can still log in:

  1. Home
  2. MARC view: Human behavior in organizations /
Normal view MARC view ISBD view

Human behavior in organizations / (Record no. 17967)

[ view plain ]
MARC details
000 -LEADER
fixed length control field 00552nam a22001937a 4500
003 - CONTROL NUMBER IDENTIFIER
control field OSt
005 - DATE AND TIME OF LATEST TRANSACTION
control field 20140310182954.0
008 - FIXED-LENGTH DATA ELEMENTS--GENERAL INFORMATION
fixed length control field 130207t xxu||||| |||| 00| 0 eng d
020 ## - INTERNATIONAL STANDARD BOOK NUMBER
International Standard Book Number 9710852477
050 ## - LIBRARY OF CONGRESS CALL NUMBER
Classification number HD 58.7
Item number .M386 1992
100 ## - MAIN ENTRY--PERSONAL NAME
Personal name Martires, Concepcion Rodil
245 ## - TITLE STATEMENT
Title Human behavior in organizations /
Statement of responsibility, etc Concepcion Rodil Martires
260 ## - PUBLICATION, DISTRIBUTION, ETC. (IMPRINT)
Place of publication, distribution, etc Mandaluyong City :
Name of publisher, distributor, etc National Bookstore,
Date of publication, distribution, etc 1992.
300 ## - PHYSICAL DESCRIPTION
Extent 246 p. :
Dimensions 22 cm.
Other physical details ill. ;
521 ## - TARGET AUDIENCE NOTE
Target audience note
650 ## - SUBJECT ADDED ENTRY--TOPICAL TERM
Topical term or geographic name as entry element Organizational behavior
942 ## - ADDED ENTRY ELEMENTS (KOHA)
Source of classification or shelving scheme Library of Congress Classification
Koha item type Books
Call number prefix Local
Holdings
Withdrawn status Lost status Source of classification or shelving scheme Damaged status Home library Current library Shelving location Date acquired Total Checkouts Total Renewals Full call number Barcode Date last seen Date checked out Copy number Price effective from Koha item type
    Library of Congress Classification   College Library College Library General Circulation Section 02/07/2013 2 18 HD 58.7 .M386 1992 C0092 05/15/2018 10/17/2016 1 02/07/2013 Books

Human behavior in organizations /

APA

Martires C. R., . (1992). Human behavior in organizations. Mandaluyong City: National Bookstore.

Chicago

Martires Concepcion Rodil, . 1992. Human behavior in organizations. Mandaluyong City: National Bookstore.

Harvard

Martires C. R., . (1992). Human behavior in organizations. Mandaluyong City: National Bookstore.

MLA

Martires Concepcion Rodil, . Human behavior in organizations. Mandaluyong City: National Bookstore. 1992.

  • Place hold
  • Print
  • Cite
  • Add to your cart (remove)
  • Save record
    BIBTEX Dublin Core MARCXML MARC (non-Unicode/MARC-8) MARC (Unicode/UTF-8) MARC (Unicode/UTF-8, Standard) MODS (XML) RIS
  • More searches
    Search for this title in:
    Other Libraries (WorldCat) Other Databases (Google Scholar) Online Stores (Bookfinder.com) Open Library (openlibrary.org)

Exporting to Dublin Core...

SOUTHVILLE LIBRARY

Southville International School and Colleges Library

1281 Tropical Ave. Cor. Luxembourg St., BF Homes International, Las Pinas City

Tel. No. 8256374 / 252358 Loc. 117/146

Powered by Koha